Architectural Styles by Picture - Statistics

General Stats
  • This quiz has been taken 203 times
  • The average score is 7 of 24
Answer Stats
Picture Answer % Correct
Gothic
87%
Roman
84%
Art Deco
70%
Baroque
51%
Neoclassical
41%
Chinese
39%
Japanese
35%
Postmodern
31%
Bauhaus
28%
Victorian
28%
Romanesque
27%
Byzantine
26%
Georgian
23%
Tibetan
21%
Art Nouveau
20%
Persian
16%
International
13%
Ottoman
11%
Deconstructivist
6%
French Renaissance
5%
Half Timbered
4%
Mission
4%
Venetian Gothic
4%
Brick Gothic
3%
No matching quizzes found
Score Distribution
Percent of People with Each Score
Percentile by Number Answered
Your Score History
You have not taken this quiz